00607nam a2200145Ia 4500003000900000005001700009008004100026040002800067110006300095245012500158260009500283300004400378504002400422650001500446DO-SdBJH20180416224643.0180414s9999 dr 000 0 spa d aDO-SdBJHbspacDO-SdBJH aEscuela de Comando y Estado Mayor del Ejército de EE.UU.10aFC 100-37 La neutralización del terrorismo por la unidad / Escuela de Comando y Estado Mayor del Ejército de EE.UU. aFort Leavenworth, Kansas : Escuela de Comando y Estado Myor del Ejército de EE.UU., 1986 aii, 11 páginas en varias paginaciones aIncluye apéndices 4aTerrorismo